| 000 | 00953nam a2200205Ia 4500 | ||
|---|---|---|---|
| 003 | GCL | ||
| 008 | 140319s9999 xx 000 0 ara d | ||
| 040 |
_aGCL / _cGCL |
||
| 082 | 0 | 4 |
_a953.001 _bص و |
| 100 | 1 | _aصالح بن سليمان الناصر الوشمى | |
| 245 | 1 | 0 |
_aولايةاليمامة : _bدراسة في الحياة الاقتصادية والاجتماعية حتى نهاية القرن الثالث الهجري / _cصالح بن سليمان الناصر الوشمى |
| 260 |
_aالرياض : _bجامعة الامام محمد بن سعود ، _c1988 |
||
| 300 |
_a403 ص ؛ _c24سم |
||
| 490 |
_aسلسلة الاعمال المحكمة _v1 |
||
| 650 | 0 | 4 | _aالتاريخ الاسلامى |
| 650 | 0 | 4 | _aالسعودية - الاحوال الاقتصادية |
| 650 | 0 | 4 | _aالسعودية - الاحوال الاجتماعية |
| 650 | 0 | 4 | _aالسعودية - تاريخ - العصر الحديث |
| 942 |
_2ddc _cBK |
||
| 999 |
_c31807 _d31807 |
||